Весенняя прогулка. | Медведица и заяц | Голодный волк. Глупы медведь (Запис номер 396837)
[ съкратено ]
| 000 -Лидер | |
|---|---|
| Контролно поле с фиксирана дължина | 01446nam a2200277 a 4500 |
| 003 - Код на организацията, давaща контролен номер | |
| Контролно поле | BLK |
| 005 - Дата и час на последна редакция | |
| Контролно поле | 20240925114600.0 |
| 008 - Елементи от данни с фиксирана дължина | |
| fixed length control field | 210202b bu a|||a |||| 00| | bu d |
| 040 ## - Източник на каталожния запис | |
| Идентификатор на билиотеката - собственик на записа | BLK |
| 041 ## - Код за език | |
| Код за езика на текст/звукозапис или на отделно заглавие | Български |
| Код за езика КДБФ | Български |
| 080 ## - УДК | |
| Текстов определител УДК | Българска литература |
| УДК код - определител по УДК | 821.163.2 |
| УДК - код + определител | 821.163.2 |
| УДК определител | -93 |
| 100 ## - Редна дума - Автор | |
| R(LIN) | 321543 |
| Автор | Станев, Эмилиян |
| Авторска отговорност | първи автор |
| 245 ## - Сведения за заглавието | |
| Заглавие | Весенняя прогулка. |
| -- | Медведица и заяц |
| -- | Голодный волк. Глупы медведь |
| Редно поле (дума) | Эмилиян Станев |
| -- | Ран Босилек |
| -- | Ангел Каралийчев |
| 260 ## - Област на издателските данни | |
| 9 (RLIN) | 216706 |
| Място на издаване, разпространение и проч. | София |
| Име на издателя, разпространителя и проч. | Болг. художник |
| Година на издаване | 1980 |
| 300 ## - Физическа характеристика | |
| Страници | 48 с. |
| Илюстрации и др. | с ил. |
| Размери/Мащаб | 29 см |
| 380 ## - Жанр | |
| Жанр | Детска худож. лит. |
| 700 ## - Други автори (авторска отговорност) | |
| Лично име | Ран Босилек |
| Автороска отговорност (Описва отношението между автора и произведението) | съавт. |
| Друга информация | Негенцов, Генчо Станчев |
| Пълна форма на името | Истинското име е Генчо Станчев Негенцов. Български писател |
| 9 (RLIN) | 1445 |
| 700 ## - Други автори (авторска отговорност) | |
| 9 (RLIN) | 276723 |
| Лично име | Поплилов, Александър |
| Автороска отговорност (Описва отношението между автора и произведението) | худож. |
| 700 1# - Други автори (авторска отговорност) | |
| Лично име | Лазаркевич, Вадим Вадимович |
| 9 (RLIN) | 87036 |
| 700 ## - Други автори (авторска отговорност) | |
| Лично име | Каралийчев, Ангел Иванов |
| Автороска отговорност (Описва отношението между автора и произведението) | съавт. |
| 9 (RLIN) | 1445 |
| 700 ## - Други автори (авторска отговорност) | |
| 9 (RLIN) | 274956 |
| Лично име | Анастасов, Стоян Иванов |
| Автороска отговорност (Описва отношението между автора и произведението) | худож. |
| 700 ## - Други автори (авторска отговорност) | |
| Лично име | Арсениев, Валентин Пантелеев |
| 9 (RLIN) | 377161 |
| 852 ## - Местоположение | |
| Форматна сигнатура | Цб ІІ 18824 |
| 999 ## - СИСТЕМНИ КОНТРОЛНИ НОМЕРА | |
| Koha biblionumber | 396837 |
| Koha biblioitemnumber | 396837 |
| 942 ## - АРТИКУЛИ | |
| Вид на библиотечния материал | Книги |
| Скрит в OPAC | Не |
| Периодичен библиозапис | Да |
| 944 ## - СЪЗДАВАНЕ И РЕДАКЦИЯ на ЗАПИСА | |
| Създаване/Редакция | Създаване |
| Дата на регистрацията/редакция | 2021-02-02 |
| Служител, извършил регистрацията/редакцията | 30560 |
| Статус, дата на статуса | Геновева Генчева |
| Код за отписване | Код за изгубен артикул | Източник на класификационната схема | Код за повреда | Коз за рестрикции | Код за отдаване | Артикулен № | Име на библиотеката - собственик | Име на библиотеката, в която се намира в момента | Статус (Текущо местоположение) | Дата на вписване в системата | Местоположение - отдел | Цена в лева | Инвентарен номер | Систематично азбучна сигнатура | Баркод | Цена в евро | Служебен тип на артикула |
|---|---|---|---|---|---|---|---|---|---|---|---|---|---|---|---|---|---|
| Не е изгубен | Universal Decimal Classification | Не е повреден | само за читалня | ползва се в читалня | 811365 | Регионална библиотека "Любен Каравелов" Русе | Регионална библиотека "Любен Каравелов" Русе | Хранилище | 2021-02-10 | Хранилище | 0.40 | 311487 | Цб ІІ 18824 | 120000311487 | 0.20 | Книги |